El paraíso de las ratas /
Zapisane w:
| 1. autor: | |
|---|---|
| Kolejni autorzy: | |
| Format: | Książka |
| Język: | hiszpański |
| Wydane: |
México :
Sexto Piso,
2018, c2018
|
| Seria: | (Sexto Piso Ilustrado)
|
| Hasła przedmiotowe: | |
| Etykiety: |
Nie ma etykietki, Dołącz pierwszą etykiete!
|
MARC
| LEADER | 00000nam^a2200000^a^4500 | ||
|---|---|---|---|
| 001 | 000410571 | ||
| 005 | 20250521000000.0 | ||
| 009 | 20260310122050.817 | ||
| 020 | |a 978-607-8619-06-1 | ||
| 037 | |a Acervo ITESO - Biblioteca | ||
| 041 | |a ESP | ||
| 082 | |a 808. 899282 |b AMA | ||
| 100 | |a Amara, Luigi |e (texto) | ||
| 245 | 1 | 3 | |a El paraíso de las ratas / |c Texto de L. Amara ; il. de Trino. |
| 264 | 4 | |a México : |b Sexto Piso, |c 2018, c2018 | |
| 300 | |a 87 p. | ||
| 336 | |a texto |b txt |2 rdacontenido | ||
| 337 | |a sin mediación |b n |2 rdamedio | ||
| 338 | |a volumen |b nc |2 rdasoporte | ||
| 440 | 1 | |a (Sexto Piso Ilustrado) | |
| 521 | |a FIL 2018 DIA | ||
| 649 | |a XX | ||
| 650 | |a Corrupción en la Literatura | ||
| 650 | |a Cuentos Infantiles | ||
| 650 | |a Cuentos Mexicanos | ||
| 650 | |a Literatura Mexicana - |y Siglo XXI | ||
| 650 | |a Literatura Infantil - |z México | ||
| 700 | |a Trino |e (ilustración) | ||
| 910 | |a Fondo General | ||
| 920 | |a Impresos - Libros | ||
| 930 | |a Colección General | ||
| 940 | |a Literatura | ||
| 905 | |a 101 | ||
| 901 | |a 0500319179 |b IT1 |c LIT |i C164397 |u 20250521 | ||
| 902 | |a https://opac.biblio.iteso.mx/vufind/Record/000410571 | ||